Kooperácia mikro a malých podnikov na Slovensku bakalárska práca

Gespeichert in:
Bibliographische Detailangaben
1. Verfasser: Bošnáková, Katarína
Körperschaft: Fakulta podnikového manažmentu EU. Katedra podnikovohospodárska
Weitere Verfasser: Gajdová, Denisa, 1977-
Format: Buch
Sprache:Slowakisch
Veröffentlicht: Bratislava 2013
Tags: Tag hinzufügen
Keine Tags, Fügen Sie das erste Tag hinzu!

MARC

LEADER 00000nbm a2200000 4500
001 0172811
005 20161109112119.3
041 0 |a slo 
044 |a SK 
245 1 0 |a Kooperácia mikro a malých podnikov na Slovensku  |b bakalárska práca  |c Katarína Bošnáková ; školiteľ: Denisa Gajdová 
264 1 |a Bratislava  |c 2013 
300 |a 55 s. 
100 1 |a Bošnáková, Katarína 
700 1 |a Gajdová, Denisa, 1977- 
710 2 |a Fakulta podnikového manažmentu EU. Katedra podnikovohospodárska